000 00747nam a22002534a 4500
001 UByD004222
003 AR-LpoUNG
005 20260108121629.0
008 250925s2023 ag gr 000 1 spa d
020 _a9789877900712
040 _aAR-LpoUNG
_bspa
_cAR-LpoUNG
_eaacr
041 0 _aspa
082 0 _aA862 18rec
100 1 _aKartun, Mauricio
245 1 0 _aRectángulo de San Andrés
250 _a1ra. ed.
260 _aBuenos Aires :
_bInterzona,
_c2023.
300 _a194 p.
490 0 _aIdentidades bonaerenses
650 4 _aLiteratura argentina
650 4 _aTeatro
942 _2ddc
_cLIB
999 _c67213
_d67213